Statistiques concernant Devinettes - Série 03

Cliquez ici pour prendre le quiz!

Statistiques générales

  • Ce quiz a été pris 98 fois
  • Le résultat moyen est 4 sur 10

Statistiques - réponses

DéfinitionIndiceSolution% Correct
Quel est le coquillage le plus léger ?8PPalourde
75%
Monsieur et Madame Manvussa ont un fils. Quel est son prénom ?6GGerard
66%
Comment appelle t'on la salade la plus explosive ?8RRoquette
62%
Quel est le fruit qui vous sort des ennuis ?6AAvocat
60%
Monsieur et madame Paldire ont un fils. Comment s'appelle-t'il ?4JJosé
42%
Monsieur et Madame Leuze ont une fille, comment s'appelle-t-elle ?4LLara
33%
M et Mme Zarella ont une fille, comment s'appelle t-elle ?5MMaude
24%
Monsieur et madame Croc ont une fille. Comment se prénomme t'elle ?5OOdile
24%
J'ai un pied mais je ne marche pas. Qui suis-je ?10CChampignon
22%
Mr et Mme Ourkessa ont une fille. Comment s' appelle-t-elle ?6CCécile
20%

Distribution des résultats

Percentile par nombre de réponses

% des personnes avec chaque résultat

Votre développement - résultats

Vous n’avez pas pris ce quiz